[Event "Lansing (MOR/2/23)"]
[Site "?"]
[Date "1996.??.??"]
[Round "?"]
[White "Sellers, Matt"]
[Black "Sobh, Tarek"]
[Result "1-0"]
[WhiteElo "1605"]
[BlackElo "1605"]
[PlyCount "121"]
[EventDate "1996.??.??"]

{2/(23)} 1. e4 e5 2. Nf3 Nc6 3. Bc4 h6 4. d4 exd4 5. Nxd4 Ne5 6. Bb3 Bc5 7. O-O
d6 8. Nc3 Nf6 9. h3 Bxd4 10. Qxd4 Bxh3 11. Bf4 Nfd7 12. Ba4 f6 13. Qd5 Bg4 14.
f3 c6 15. Qxd6 Qb6+ 16. Kh1 Rd8 17. Nd5 cxd5 18. Qxb6 axb6 19. Bxe5 fxe5 20.
fxg4 dxe4 21. Rad1 Ke7 22. Rf5 Nc5 23. Rxe5+ Kf6 24. Rf5+ Kg6 25. Rxd8 Rxd8 26.
Bb5 Rd4 27. Kg1 Rb4 28. Be8+ Kh7 29. b3 e3 30. Re5 Ne4 31. Kf1 Ng3+ 32. Ke1
Rxg4 33. Rxe3 Re4 34. Kf2 Rxe3 35. Kxe3 Nf5+ 36. Kf4 Nd6 37. Bd7 g5+ 38. Ke5
Nf7+ 39. Ke6 Kg7 40. Bc8 h5 41. Kd7 Ne5+ 42. Kc7 Nc6 43. c3 b5 44. Bxb7 Ne5 45.
Kb6 b4 46. cxb4 Kf6 47. a4 Ke7 48. a5 Kd6 49. a6 Nd7+ 50. Ka5 Kc7 51. b5 g4 52.
g3 Nc5 53. b6+ Kb8 54. Bd5 Nxa6 55. Kxa6 h4 56. gxh4 g3 57. h5 g2 58. Bxg2 Kc8
59. b7+ Kb8 60. Bh1 Kc7 61. Ka7 1-0

[Event "Detroit (Beg/4/7)"]
[Site "?"]
[Date "1996.??.??"]
[Round "?"]
[White "Sellers, Matt"]
[Black "Sobh, Tarek"]
[Result "1-0"]
[WhiteElo "1605"]
[BlackElo "1605"]
[PlyCount "23"]
[EventDate "1996.??.??"]

{4/(7)} 1. e4 c5 2. Nf3 Nf6 3. e5 Nh5 4. d4 d6 5. c3 Bg4 6. Bb5+ Nd7 7. O-O a6
8. Bc4 dxe5 9. Bxf7+ Kxf7 10. Ng5+ Kg8 11. Qxg4 Ndf6 12. Qe6# 1-0

[Event "Lansing (MOR/4/1)"]
[Site "?"]
[Date "1996.??.??"]
[Round "?"]
[White "Sellers, Matt"]
[Black "McGrath, Michael"]
[Result "0-1"]
[WhiteElo "1605"]
[BlackElo "1750"]
[PlyCount "42"]
[EventDate "1996.??.??"]

{4/(1)} 1. e4 e5 2. Nf3 d6 3. d4 exd4 4. Nxd4 g6 5. Nc3 Bg7 6. Be3 Nf6 7. Bc4
O-O 8. f3 a6 9. Qd2 b5 10. Bd5 Nxd5 11. Nxd5 c5 12. Ne2 Bxb2 13. Rb1 Bg7 14.
Bg5 f6 15. Bxf6 Bxf6 16. Nxf6+ Qxf6 17. Qd5+ Qf7 18. Qxa8 Bb7 19. Qa7 Qc7 20.
Nc3 Nc6 21. Nd5 Qa5+ 0-1

[Event "Ann Arbor (Fall Open/2/5)"]
[Site "?"]
[Date "1996.??.??"]
[Round "?"]
[White "Sellers, Matt"]
[Black "Gaiefsky, Mike"]
[Result "1/2-1/2"]
[WhiteElo "1795"]
[BlackElo "1880"]
[PlyCount "95"]
[EventDate "1996.??.??"]

{2/(5)} 1. e4 c5 2. Nf3 Nc6 3. d4 cxd4 4. Nxd4 d6 5. c4 g6 6. Be3 Bg7 7. Be2
Nf6 8. Nc3 O-O 9. O-O Bd7 10. f4 Nxd4 11. Bxd4 Qa5 12. c5 Bc6 13. cxd6 exd6 14.
Kh1 Rfe8 15. Bf3 Rad8 16. Qd3 d5 17. e5 Ne4 18. Bxe4 dxe4 19. Qe3 Qb4 20. Rad1
Qxb2 21. Rf2 Qb4 22. Nxe4 Bxe4 23. Qxe4 Bf8 24. Qe3 Bc5 25. Rfd2 Bxd4 26. Rxd4
Rxd4 27. Qxd4 Qxd4 28. Rxd4 f6 29. g4 Kf7 30. exf6 Kxf6 31. Rd6+ Re6 32. Rxe6+
Kxe6 33. Kg2 b5 34. Kf3 a5 35. Ke4 a4 36. Kd4 b4 37. Kc4 b3 38. axb3 axb3 39.
Kxb3 Kd5 40. Kc3 Ke4 41. f5 gxf5 42. gxf5 Kxf5 43. Kd3 Kg4 44. Ke3 Kh3 45. Kf4
h6 46. Kf5 Kh4 47. Kg6 h5 48. h3 1/2-1/2

[Event "Detroit (Beg/2/12)"]
[Site "?"]
[Date "1996.??.??"]
[Round "?"]
[White "Sellers, Matt"]
[Black "Dushane, M."]
[Result "1-0"]
[WhiteElo "1605"]
[BlackElo "1605"]
[PlyCount "79"]
[EventDate "1996.??.??"]

{2/(12)} 1. e4 e5 2. Nf3 Nc6 3. Bc4 Bc5 4. c3 Nf6 5. d4 exd4 6. cxd4 Bb4+ 7.
Nc3 Bxc3+ 8. bxc3 Nxe4 9. Qe2 d5 10. Bd3 Bf5 11. Ba3 Ne7 12. Bxe4 Bxe4 13. O-O
O-O 14. Rfe1 Ng6 15. Bxf8 Qxf8 16. Qe3 Re8 17. Ne5 Nxe5 18. dxe5 Rxe5 19. Qxa7
Qc8 20. f3 h6 21. fxe4 dxe4 22. Rab1 b6 23. Re3 Qd8 24. Rbe1 Qd2 25. Qxc7 Rg5
26. R3e2 Qd5 27. Rxe4 f5 28. Qc8+ Kh7 29. R4e2 f4 30. c4 Qd3 31. Qc6 Qh3 32.
Kh1 Qg4 33. a4 Rh5 34. Qxb6 Qg3 35. Qb1+ Kg8 36. Re8+ Kf7 37. R1e7+ Kf6 38.
Qb2+ Kf5 39. Rf8+ Kg5 40. Rxg7+ 1-0

[Event "Ann Arbor (Month Long Swiss/4/3)"]
[Site "?"]
[Date "1996.??.??"]
[Round "?"]
[White "Sellers, Matt"]
[Black "Dolin, Jack"]
[Result "1-0"]
[WhiteElo "1605"]
[BlackElo "1605"]
[PlyCount "99"]
[EventDate "1996.??.??"]

{4/(3)} 1. e4 c5 2. Nf3 d6 3. d4 cxd4 4. Nxd4 Nc6 5. Nc3 a6 6. Be3 Nf6 7. Be2
g6 8. O-O Bg7 9. f4 e6 10. a4 O-O 11. Nb3 Re8 12. Qd2 b6 13. Bf3 Bb7 14. Rad1
Bf8 15. Kh1 Qc7 16. Ne2 Rad8 17. c3 Ne7 18. Qd4 Bg7 19. Qxb6 Qxb6 20. Bxb6 Rc8
21. Ng3 Rc6 22. a5 Nd7 23. Bd4 e5 24. Be3 exf4 25. Bxf4 Ne5 26. Nd4 Rcc8 27.
Be2 N7c6 28. Be3 Nxa5 29. Nc2 Nac4 30. Bc1 Red8 31. Nb4 Rc5 32. Nd5 Bxd5 33.
exd5 Nb6 34. Bxa6 Rxd5 35. Rxd5 Nxd5 36. Ne4 f5 37. Bg5 Ra8 38. Bb7 Ra5 39.
Nxd6 Nf6 40. Be3 Ne4 41. Nxe4 fxe4 42. Bxe4 Nc4 43. Bc1 Re5 44. Bf3 Bf8 45. b4
Nb6 46. Bc6 Re2 47. b5 Rc2 48. Be3 Nc4 49. Bd5+ Kg7 50. Bd4+ 1-0

[Event "Ann Arbor (Ann Arbor Open, U1700/1)"]
[Site "?"]
[Date "1996.??.??"]
[Round "?"]
[White "Sellers, Matt"]
[Black "Davey, Scott"]
[Result "0-1"]
[WhiteElo "1605"]
[BlackElo "1605"]
[PlyCount "74"]
[EventDate "1996.??.??"]

{1700/(1)} 1. e4 c5 2. Nf3 d6 3. d4 cxd4 4. Nxd4 Nf6 5. Nc3 g6 6. Be2 Bg7 7.
Be3 O-O 8. Qd2 Nc6 9. Nb3 Re8 10. Bh6 Bh8 11. h4 Ng4 12. Bxg4 Bxg4 13. f3 Be6
14. O-O-O Rc8 15. h5 Ne5 16. hxg6 fxg6 17. Nd4 Bf7 18. f4 Nc4 19. Qf2 Nxb2 20.
Kxb2 Qb6+ 21. Kc1 Rxc3 22. f5 Rec8 23. fxg6 Rxc2+ 24. Qxc2 Rxc2+ 25. Nxc2 Qb2+
26. Kd2 Bxg6 27. Rhf1 Bg7 28. Bxg7 Kxg7 29. Rb1 Qxa2 30. Rxb7 Qe6 31. Rxa7 Qxe4
32. Rc7 Qxg2+ 33. Ke1 Bxc2 34. Rxe7+ Kh6 35. Re2 Qg3+ 36. Rff2 Bd3 37. Rd2 Qg1+
0-1

[Event "Ann Arbor (Fall Open/4/5)"]
[Site "?"]
[Date "1996.??.??"]
[Round "?"]
[White "Sellers, Matt"]
[Black "Davey, Scott"]
[Result "1-0"]
[WhiteElo "1795"]
[BlackElo "1675"]
[PlyCount "39"]
[EventDate "1996.??.??"]

{4/(5)} 1. e4 e5 2. Nf3 Nc6 3. Bc4 Bc5 4. c3 Nf6 5. d4 exd4 6. cxd4 Bb4+ 7. Nc3
Nxe4 8. O-O Bxc3 9. d5 Bf6 10. Re1 Ne7 11. Rxe4 d6 12. Bg5 Bxg5 13. Nxg5 h6 14.
Nxf7 Kxf7 15. Qf3+ Kg8 16. Rae1 Kh7 17. Rxe7 Rf8 18. Bd3+ Kh8 19. Qg3 Rg8 20.
Qg6 1-0

[Event "Ann Arbor (Ann Arbor Open, U1700/3)"]
[Site "?"]
[Date "1996.??.??"]
[Round "?"]
[White "Sellers, Matt"]
[Black "Bedy, N."]
[Result "1-0"]
[WhiteElo "1605"]
[BlackElo "1605"]
[PlyCount "99"]
[EventDate "1996.??.??"]

{1700/(3)} 1. e4 d5 2. exd5 Nf6 3. d4 Bg4 4. Nf3 Qxd5 5. Be2 e6 6. c4 Bb4+ 7.
Bd2 Bxd2+ 8. Nbxd2 Qd6 9. O-O Nc6 10. Nb3 O-O 11. a3 Rfd8 12. Nc5 Rab8 13. b4
Nxd4 14. Nxd4 Qxd4 15. Bxg4 Qxg4 16. Qxg4 Nxg4 17. Rad1 Kf8 18. Nd7+ Ke7 19.
Nxb8 Rxb8 20. Rd4 Nf6 21. Rfd1 b6 22. g4 c5 23. Rf4 h6 24. h3 Rb7 25. Rf3 Rd7
26. Rxd7+ Nxd7 27. Re3 a6 28. f4 f6 29. Kf2 cxb4 30. axb4 a5 31. bxa5 bxa5 32.
Ra3 g5 33. Kf3 gxf4 34. Kxf4 e5+ 35. Ke4 a4 36. Kd5 Nb6+ 37. Kc5 Nd7+ 38. Kb5
Ke6 39. c5 Nb8 40. Rxa4 Kd5 41. Ra8 Nc6 42. Re8 e4 43. Kb6 Ne5 44. Rd8+ Kc4 45.
c6 Nxc6 46. Kxc6 e3 47. Re8 Kd3 48. Kd6 e2 49. h4 Kd2 50. h5 1-0

[Event "Detroit (Beg/5/4)"]
[Site "?"]
[Date "1996.??.??"]
[Round "?"]
[White "Sellers, Matt"]
[Black "Aguilar, Javier"]
[Result "1-0"]
[WhiteElo "1605"]
[BlackElo "1605"]
[PlyCount "87"]
[EventDate "1996.??.??"]

{5/(4)} 1. e4 c5 2. Nf3 d6 3. Bb5+ Bd7 4. Bxd7+ Qxd7 5. d4 cxd4 6. Nxd4 Nf6 7.
Nc3 g6 8. O-O Bg7 9. Be3 O-O 10. a4 a6 11. Qd2 Nc6 12. Nb3 Rac8 13. Bh6 Ng4 14.
Bxg7 Kxg7 15. Nc5 Qe8 16. Nd3 Nce5 17. Nxe5 Nxe5 18. b3 Qc6 19. Nd5 Rfe8 20. c4
e6 21. Nc3 Nd7 22. Rad1 Nc5 23. Rfe1 Nxb3 24. Qb2 Na5 25. Nd5+ Kh6 26. Qd2+ Kg7
27. Qxa5 exd5 28. cxd5 Qc4 29. f3 Rc5 30. Qb6 Rec8 31. Qxd6 Qa2 32. e5 Rc2 33.
Qf6+ Kg8 34. Qg5 Qxa4 35. e6 Qe8 36. e7 R2c5 37. Qf6 b5 38. d6 Qd7 39. e8=Q+
Rxe8 40. Rxe8+ Qxe8 41. d7 Qe3+ 42. Kh1 Rd5 43. d8=Q+ Rxd8 44. Rxd8+ 1-0

[Event "Kalamazoo (MI Am/4/5)"]
[Site "?"]
[Date "1996.??.??"]
[Round "?"]
[White "Seipel, R."]
[Black "Williams, Ron"]
[Result "0-1"]
[WhiteElo "1695"]
[BlackElo "1900"]
[PlyCount "138"]
[EventDate "1996.??.??"]

{4/(5)} 1. e4 c5 2. Nf3 Nc6 3. d4 cxd4 4. Nxd4 e6 5. Be3 a6 6. c3 Nge7 7. Bd3
Ne5 8. f4 Nxd3+ 9. Qxd3 b5 10. O-O Bb7 11. Nd2 d6 12. N2f3 Qc7 13. Rad1 Nc6 14.
Kh1 Be7 15. f5 e5 16. Nc2 Nb8 17. Nb4 Nd7 18. Nd5 Bxd5 19. Qxd5 Rd8 20. Bg5 Nb6
21. Bxe7 Kxe7 22. Qd2 f6 23. b3 d5 24. exd5 Nxd5 25. Qb2 Qb6 26. Rfe1 Rhe8 27.
Nd4 Nf4 28. Qc2 Kf7 29. Nf3 Rxd1 30. Rxd1 Rd8 31. Rxd8 Qxd8 32. Qd2 Qc8 33. g3
Qc6 34. gxf4 Qxf3+ 35. Qg2 Qd1+ 36. Qg1 Qd5+ 37. Qg2 e4 38. Qg4 Qd2 39. Qh5+
Kf8 40. Qxh7 Qe1+ 41. Kg2 Qe2+ 42. Kg1 Qe3+ 43. Kf1 Qxf4+ 44. Ke1 Qe3+ 45. Kf1
Qf3+ 46. Ke1 Qxc3+ 47. Kf1 Qd3+ 48. Kg1 Qd1+ 49. Kf2 Qf3+ 50. Ke1 e3 51. Qh8+
Kf7 52. Qh4 Qxf5 53. Ke2 Qf2+ 54. Qxf2 exf2 55. Kxf2 b4 56. Kf3 Ke6 57. Ke4 f5+
58. Kf4 Kf6 59. h4 g5+ 60. hxg5+ Kg6 61. Kf3 Kxg5 62. Kg3 f4+ 63. Kf2 Kf5 64.
Kf3 Ke5 65. Kf2 Ke4 66. Ke1 f3 67. Kd2 Kf4 68. Ke1 Kg3 69. Kf1 f2 0-1

[Event "Kalamazoo (MI Am/2/12)"]
[Site "?"]
[Date "1996.??.??"]
[Round "?"]
[White "Seipel, R."]
[Black "Neely, Richard"]
[Result "1-0"]
[WhiteElo "1695"]
[BlackElo "1605"]
[PlyCount "71"]
[EventDate "1996.??.??"]

{2/(12)} 1. e4 d6 2. d4 Nf6 3. Nc3 Bd7 4. Bc4 e6 5. e5 d5 6. Bd3 Ng8 7. Nce2 c5
8. c3 Nc6 9. Nf3 Qb6 10. O-O Be7 11. b3 f6 12. Qc2 fxe5 13. dxe5 g6 14. Nf4
O-O-O 15. a4 Kb8 16. Bb5 g5 17. Bxc6 Qxc6 18. Ne2 h6 19. h3 Rf8 20. Nh2 Qc7 21.
f4 gxf4 22. Nxf4 Qxe5 23. Ng6 Rxf1+ 24. Nxf1 Qg7 25. Bf4+ Ka8 26. Be5 Bf6 27.
Bxf6 Nxf6 28. Nxh8 Qxh8 29. Ng3 e5 30. Rf1 a6 31. Qf2 Nh7 32. Qxc5 Bc6 33. Qe7
e4 34. Ne2 Ka7 35. Nd4 Kb6 36. a5+ 1-0

[Event "Lansing (MI Op/3/7)"]
[Site "?"]
[Date "1996.??.??"]
[Round "?"]
[White "Seawald, Dennis"]
[Black "Zubatch, Steve"]
[Result "1-0"]
[WhiteElo "2285"]
[BlackElo "1800"]
[PlyCount "37"]
[EventDate "1996.??.??"]

{3/(7)} 1. e4 g6 2. d4 Bg7 3. Nc3 d6 4. Be3 Nf6 5. Qd2 O-O 6. O-O-O Re8 7. f3
c6 8. Bh6 Bh8 9. h4 Qc7 10. h5 a6 11. Bc4 b5 12. Bb3 c5 13. hxg6 hxg6 14. e5 c4
15. exf6 cxb3 16. Bg7 Bxg7 17. fxg7 Kxg7 18. Qh6+ Kf6 19. Nd5+ 1-0

[Event "Lansing (MI Op/7/3)"]
[Site "?"]
[Date "1996.??.??"]
[Round "?"]
[White "Seawald, Dennis"]
[Black "Rajlich, Vasik"]
[Result "0-1"]
[WhiteElo "2285"]
[BlackElo "2235"]
[PlyCount "58"]
[EventDate "1996.??.??"]

{7/(3)} 1. e4 c5 2. Nf3 d6 3. d4 cxd4 4. Nxd4 Nf6 5. Nc3 a6 6. g3 e5 7. Nde2
Be7 8. Bg2 O-O 9. a4 Be6 10. h3 Nc6 11. O-O Nb4 12. b3 d5 13. exd5 Nfxd5 14.
Bb2 Nxc3 15. Bxc3 Qc7 16. Qc1 Rac8 17. Qb2 Rfd8 18. Bxe5 Qxc2 19. Qxc2 Nxc2 20.
Rab1 Rc5 21. Bb2 Bxb3 22. Bxg7 Bc4 23. Rxb7 Bxe2 24. Rc1 Bg5 25. f4 Kxg7 26.
fxg5 Rd1+ 27. Rxd1 Bxd1 28. Rb6 a5 29. Rb5 Rxb5 0-1

[Event "Lansing (MI Op/2/3)"]
[Site "?"]
[Date "1996.??.??"]
[Round "?"]
[White "Seawald, Dennis"]
[Black "Linn, Peter"]
[Result "1/2-1/2"]
[WhiteElo "2285"]
[BlackElo "2110"]
[PlyCount "42"]
[EventDate "1996.??.??"]

{2/(3)} 1. c4 e5 2. Nc3 Nf6 3. Nf3 Nc6 4. g3 Bc5 5. Bg2 d6 6. O-O O-O 7. e3 Bg4
8. h3 Bxf3 9. Bxf3 Ne8 10. d3 f5 11. Nd5 Nf6 12. b4 Bxb4 13. Qb3 e4 14. Bg2 a5
15. a3 a4 16. Qb1 Bc5 17. Nxf6+ Qxf6 18. Bb2 Qh6 19. dxe4 fxe4 20. Qxe4 Rae8
21. Qd5+ Kh8 1/2-1/2

[Event "Ann Arbor (Fall Open/2/1)"]
[Site "?"]
[Date "1996.??.??"]
[Round "?"]
[White "Seawald, Dennis"]
[Black "Kamberi, Sonny"]
[Result "0-1"]
[WhiteElo "2265"]
[BlackElo "2315"]
[PlyCount "81"]
[EventDate "1996.??.??"]

{2/(1)} 1. d4 Nf6 2. c4 g6 3. Nc3 Bg7 4. e4 d6 5. Nf3 O-O 6. Be2 e5 7. d5 a5 8.
Bg5 h6 9. Bh4 Na6 10. O-O Qe8 11. Ne1 Nxe4 12. Nxe4 f5 13. Nc3 g5 14. Bg3 f4
15. Bh5 Qe7 16. Bg6 fxg3 17. hxg3 Qf6 18. Bc2 g4 19. Ne4 Qf7 20. Nd3 Bf5 21.
Qe2 Qg6 22. Rfe1 h5 23. a3 Rf7 24. b4 axb4 25. axb4 Rc8 26. c5 Nb8 27. b5 Bf8
28. Bb3 b6 29. c6 Rh7 30. Nb4 Be7 31. Bc2 h4 32. Ra3 Qh5 33. Qd1 h3 34. f3 hxg2
35. Kf2 Rf8 36. Ra8 gxf3 37. Na6 g1=Q+ 38. Rxg1 Qh2+ 39. Kxf3 Bg4+ 40. Ke3 Bxd1
41. Rxd1 0-1

[Event "Lansing (MI Op/5/5)"]
[Site "?"]
[Date "1996.??.??"]
[Round "?"]
[White "Seawald, Dennis"]
[Black "Carroll, Deuvoy"]
[Result "1/2-1/2"]
[WhiteElo "2285"]
[BlackElo "2130"]
[PlyCount "80"]
[EventDate "1996.??.??"]

{5/(5)} 1. e4 d5 2. exd5 Qxd5 3. Nc3 Qa5 4. d4 c6 5. Bc4 Nf6 6. Nf3 Bg4 7. h3
Qh5 8. Be2 e6 9. Bf4 Nbd7 10. O-O Bxf3 11. Bxf3 Qf5 12. Bg3 Be7 13. Re1 O-O 14.
Ne4 Nxe4 15. Bxe4 Qb5 16. Re3 Qg5 17. Rb3 Nb6 18. Bc7 Bd8 19. Bd6 Re8 20. a4 f5
21. Bd3 Bf6 22. a5 Nc8 23. Bc5 b6 24. axb6 Nxb6 25. Rba3 Nd5 26. Qf3 g6 27. Bc4
Kh8 28. Ra6 Rab8 29. Bb3 e5 30. dxe5 Bxe5 31. Rxc6 Nb4 32. Re6 Rxe6 33. Bxe6
Nxc2 34. Qe2 Qf4 35. g3 Nd4 36. Qd3 Qe4 37. Qxe4 fxe4 38. Bxd4 Bxd4 39. Rb1
Rxb2 40. Rxb2 Bxb2 1/2-1/2

[Event "Eastpointe (EDO/1/10)"]
[Site "?"]
[Date "1996.??.??"]
[Round "?"]
[White "Scott, T."]
[Black "Williams, Ron"]
[Result "0-1"]
[WhiteElo "1605"]
[BlackElo "1905"]
[PlyCount "108"]
[EventDate "1996.??.??"]

{1/(10)} 1. d4 Nf6 2. c4 Nc6 3. Nc3 e5 4. e3 Bb4 5. Nge2 O-O 6. d5 Ne7 7. e4
Nxe4 8. Qc2 f5 9. f3 Nxc3 10. Nxc3 Ng6 11. Be3 d6 12. O-O-O Bd7 13. Ne2 Qe8 14.
Kb1 f4 15. Qb3 a5 16. Bf2 Ba4 17. Qd3 Bxd1 18. Qxd1 b6 19. h4 Ne7 20. h5 Nf5
21. Qd3 Bc5 22. g4 fxg3 23. Bxg3 Qf7 24. Be1 Ne3 25. Bh3 Qxf3 26. Be6+ Kh8 27.
Ng3 Qxh1 28. Nxh1 Rf1 29. Qxf1 Nxf1 30. Ng3 Ne3 31. h6 Rf8 32. b3 Rf3 33. Kb2
Bd4+ 34. Kc1 Ng2 35. hxg7+ Kxg7 36. Nf5+ Rxf5 37. Bxf5 Nxe1 38. Kd2 Ng2 39. Ke2
h5 40. Be4 Nf4+ 41. Kf3 Kf6 42. Kg3 Kg5 43. Kh2 Bf2 44. a3 h4 45. b4 axb4 46.
axb4 Bg3+ 47. Kh1 h3 48. b5 Ne2 49. Bf3 Nc1 50. Be4 Kf4 51. Bc2 e4 52. Bd1 Nd3
53. Bh5 Nf2+ 54. Kg1 h2+ 0-1

[Event "Eastpointe (EDO/5/20)"]
[Site "?"]
[Date "1996.??.??"]
[Round "?"]
[White "Scott, T."]
[Black "DeBlasio, N."]
[Result "0-1"]
[WhiteElo "1605"]
[BlackElo "1605"]
[PlyCount "80"]
[EventDate "1996.??.??"]

{5/(20)} 1. e4 c5 2. Nf3 Nc6 3. g3 Nf6 4. d3 Ng4 5. h3 Nf6 6. Bg2 e6 7. Be3 d5
8. e5 Nd7 9. Bf4 g6 10. c3 Qb6 11. Qc2 Bg7 12. Qe2 O-O 13. O-O Ndxe5 14. Nxe5
Nxe5 15. c4 Nxd3 16. Nc3 Nxf4 17. gxf4 d4 18. Ne4 Qc7 19. Qd3 Rb8 20. b3 b6 21.
Qg3 Bh6 22. Qh4 Qxf4 23. Qe7 a5 24. Rad1 Qf5 25. Rd3 e5 26. Rf3 Qxe4 27. Rxf7
Rxf7 28. Qe8+ Rf8 29. Qe7 Qf5 30. Bd5+ Kh8 31. Qc7 Be6 32. h4 Qg4+ 33. Bg2 Qxh4
34. Qxe5+ Qf6 35. Qh2 Bf4 36. Qh1 Qg5 37. Re1 Bf5 38. Kf1 Bd3+ 39. Kg1 Rbe8 40.
Ra1 Be4 0-1

[Event "Eastpointe (EDO/4/14)"]
[Site "?"]
[Date "1996.??.??"]
[Round "?"]
[White "Scott, Steven"]
[Black "Scott, T."]
[Result "1-0"]
[WhiteElo "1815"]
[BlackElo "1605"]
[PlyCount "87"]
[EventDate "1996.??.??"]

{4/(14)} 1. e4 e6 2. d3 d5 3. Nd2 Nf6 4. Ngf3 Bb4 5. c3 Ba5 6. e5 Nfd7 7. d4
Bb6 8. Nb3 c5 9. Bf4 Nc6 10. g3 a5 11. a4 c4 12. Nbd2 Qc7 13. h4 Nf8 14. h5 h6
15. Bg2 Bd7 16. Qc2 Ne7 17. Nf1 Ba7 18. Ne3 g5 19. hxg6 Nfxg6 20. Rxh6 Rxh6 21.
Bxh6 O-O-O 22. Bg7 Rg8 23. Bf6 Nf5 24. Nxf5 exf5 25. Bh3 f4 26. Bf5 fxg3 27.
fxg3 Be6 28. O-O-O Qd7 29. Bxe6 fxe6 30. Rh1 Nf8 31. Rg1 Bb6 32. g4 Kb8 33. g5
Ng6 34. Rh1 Nf4 35. Rh7 Qe8 36. Nh4 Nd3+ 37. Kb1 Bd8 38. g6 Bxf6 39. exf6 Rh8
40. Qg2 Qxa4 41. Rxh8+ Ka7 42. Qc2 Qb5 43. g7 Ne1 44. Qd2 1-0

[Event "Eastpointe (EDO/1/15)"]
[Site "?"]
[Date "1996.??.??"]
[Round "?"]
[White "Scott, Steven"]
[Black "Juergensen, F."]
[Result "1-0"]
[WhiteElo "1815"]
[BlackElo "1605"]
[PlyCount "85"]
[EventDate "1996.??.??"]

{1/(15)} 1. e4 Nf6 2. Nc3 e5 3. Nf3 d6 4. d4 exd4 5. Nxd4 Nc6 6. Be2 Nxd4 7.
Qxd4 c5 8. Qd3 Be7 9. Bf4 a6 10. O-O b5 11. Rad1 O-O 12. Bf3 Bb7 13. Bxd6 b4
14. Bxe7 Qxe7 15. Nd5 Nxd5 16. exd5 Qg5 17. c4 Rae8 18. Rfe1 Bc8 19. Re2 Bf5
20. Be4 Bg6 21. Bxg6 Qxg6 22. Qxg6 fxg6 23. Rde1 Rxe2 24. Rxe2 Rf6 25. Re7 Rd6
26. Rc7 Rf6 27. Rxc5 Rf5 28. Rc6 Re5 29. Kf1 a5 30. b3 Kf7 31. Ra6 Re4 32. Rxa5
Rd4 33. g3 Kf6 34. Ra4 Ke5 35. Rxb4 Ke4 36. Kg2 Kd3 37. a4 h5 38. a5 Ke2 39.
Rb7 g5 40. Re7+ Kd3 41. a6 h4 42. a7 hxg3 43. hxg3 1-0

[Event "Eastpointe (EDO/5/23)"]
[Site "?"]
[Date "1996.??.??"]
[Round "?"]
[White "Scott, B."]
[Black "McNair, Shawn"]
[Result "0-1"]
[WhiteElo "1605"]
[BlackElo "1605"]
[PlyCount "76"]
[EventDate "1996.??.??"]

{5/(23)} 1. e4 c5 2. Nf3 d6 3. d4 cxd4 4. Nxd4 Nf6 5. Nc3 Nc6 6. h3 e6 7. Bg5
Be7 8. Bb5 Bd7 9. O-O O-O 10. Bxf6 Bxf6 11. Nxc6 Bxc6 12. Bd3 Qc7 13. Rb1 a6
14. f4 e5 15. fxe5 Bxe5 16. Qg4 b5 17. Nd5 Bxd5 18. exd5 Qc5+ 19. Kh1 g6 20. h4
Rad8 21. h5 Kg7 22. Rf3 Qd4 23. Be4 Qa7 24. Rbf1 Qd7 25. h6+ Kh8 26. Qxd7 Rxd7
27. b3 f6 28. g4 g5 29. Rf5 Rdf7 30. Rc1 Bf4 31. Ra1 Rg8 32. Bd3 Rg6 33. c4
Rxh6+ 34. Kg1 bxc4 35. Bxc4 Rh4 36. Kf2 Rxg4 37. a4 Be5 38. b4 Bxa1 0-1

[Event "Howell (US Am N/1/4)"]
[Site "?"]
[Date "1996.??.??"]
[Round "?"]
[White "Scioly, Tony"]
[Black "Yahkind, Alex"]
[Result "0-1"]
[WhiteElo "1605"]
[BlackElo "2055"]
[PlyCount "56"]
[EventDate "1996.??.??"]

{1/(4)} 1. Nf3 d5 2. g3 c5 3. Bg2 Nc6 4. d3 e5 5. O-O Nf6 6. e4 d4 7. Nbd2 Bd6
8. Re1 O-O 9. Nf1 Ne8 10. h4 f5 11. exf5 Bxf5 12. Ng5 Qf6 13. Qf3 h6 14. Ne4
Bxe4 15. Qxf6 Nxf6 16. Bxe4 Nb4 17. Re2 Nxe4 18. dxe4 c4 19. a3 Nc6 20. Nd2 d3
21. cxd3 cxd3 22. Re3 Bc5 23. Rxd3 Bxf2+ 24. Kg2 Nd4 25. Nc4 Nc2 26. Rd2 Nxa1
27. Rxf2 Rxf2+ 28. Kxf2 Rc8 0-1

[Event "Ann Arbor (Mini-Swiss/3/8)"]
[Site "?"]
[Date "1996.??.??"]
[Round "?"]
[White "Scioly, Tony"]
[Black "Swartz, J."]
[Result "0-1"]
[WhiteElo "1605"]
[BlackElo "1605"]
[PlyCount "58"]
[EventDate "1996.??.??"]

{3/(8)} 1. Nf3 Nf6 2. g3 g6 3. Bg2 Bg7 4. O-O O-O 5. d3 Nc6 6. Nbd2 d6 7. e4
Bg4 8. h3 Bxf3 9. Nxf3 h6 10. c3 e6 11. Be3 a6 12. Qd2 Kh7 13. Nh2 e5 14. f4
exf4 15. Rxf4 Qd7 16. Raf1 Qe6 17. Rh4 Ng8 18. Nf3 Qxa2 19. c4 Qa5 20. Qc1 Ne5
21. Ng5+ Kh8 22. d4 Nd3 23. Qc2 Nb4 24. Qd2 Nc6 25. Qc1 Nxd4 26. Kh2 f6 27.
Bxd4 fxg5 28. Rxh6+ Nxh6 29. Qxg5 Qxg5 0-1

[Event "Ann Arbor (Mini-Swiss/2/9)"]
[Site "?"]
[Date "1996.??.??"]
[Round "?"]
[White "Scioly, Tony"]
[Black "Swartz, J."]
[Result "1-0"]
[WhiteElo "1605"]
[BlackElo "1605"]
[PlyCount "59"]
[EventDate "1996.??.??"]

{2/(9)} 1. e4 c5 2. Nf3 d6 3. g3 g6 4. Bg2 Bg7 5. O-O e5 6. Nc3 Nf6 7. d3 Nc6
8. Nh4 Bg4 9. Qe1 Nd4 10. f4 Nxc2 11. Qf2 Nxa1 12. fxe5 dxe5 13. Nd5 Qd6 14.
Bg5 O-O-O 15. Nxf6 Nc2 16. Nxg4 f6 17. Nxe5 Qxe5 18. Bh3+ Kb8 19. Bf4 Nd4 20.
Nf3 Nxf3+ 21. Qxf3 f5 22. Bxe5+ Bxe5 23. exf5 Rhf8 24. Qe2 Rfe8 25. Qc2 Bd4+
26. Kh1 Rd5 27. Bg2 Rde5 28. Qb3 b6 29. Qf7 Re2 30. Qb7# 1-0

[Event "Ann Arbor (HVA/2/1)"]
[Site "?"]
[Date "1996.??.??"]
[Round "?"]
[White "Scioly, Tony"]
[Black "Skidmore, Mike"]
[Result "0-1"]
[WhiteElo "1605"]
[BlackElo "1970"]
[PlyCount "70"]
[EventDate "1996.??.??"]

{2/(1)} 1. e4 c6 2. d4 d5 3. Nc3 dxe4 4. Nxe4 Nd7 5. Nf3 Ngf6 6. Nxf6+ Nxf6 7.
Bc4 e6 8. Bg5 Be7 9. O-O O-O 10. c3 b6 11. Qe2 Bb7 12. Rad1 Qc7 13. Rfe1 Kh8
14. Ne5 Bd6 15. Bxf6 gxf6 16. Nxf7+ Qxf7 17. Bxe6 Qg7 18. Qh5 Qg6 19. Qh3 f5
20. Bb3 Rae8 21. Bc2 Bc8 22. Bd3 b5 23. d5 Rxe1+ 24. Rxe1 a6 25. dxc6 Qg7 26.
Qe3 Rd8 27. g3 f4 28. Qb6 Rf8 29. Qd4 fxg3 30. Qxg7+ Kxg7 31. fxg3 Bc5+ 32. Kg2
Rf2+ 33. Kh1 Rxb2 34. Re8 Bh3 35. Re1 Bg2# 0-1

[Event "Ann Arbor (Mini-Swiss/1/9)"]
[Site "?"]
[Date "1996.??.??"]
[Round "?"]
[White "Scioly, Tony"]
[Black "Saenz, Scott"]
[Result "1/2-1/2"]
[WhiteElo "1605"]
[BlackElo "1605"]
[PlyCount "113"]
[EventDate "1996.??.??"]

{1/(9)} 1. Nf3 Nf6 2. g3 g6 3. Bg2 Bg7 4. O-O O-O 5. d3 d5 6. Nbd2 c6 7. e4 Bg4
8. h3 Bxf3 9. Bxf3 Nbd7 10. Re1 dxe4 11. dxe4 Nc5 12. e5 Nfd7 13. Nc4 Qc7 14.
Bf4 e6 15. b4 Na4 16. Nd6 Nc3 17. Qd2 Nd5 18. c4 Nxf4 19. Qxf4 Bxe5 20. Rxe5
Qxd6 21. Re4 Qxf4 22. Rxf4 Ne5 23. Be2 Rad8 24. Rd1 Rxd1+ 25. Bxd1 Rd8 26. Bb3
Nd3 27. Rf3 Nxb4 28. Kf1 f5 29. Ke2 Kf7 30. a3 Na6 31. Bc2 Nc5 32. a4 Rd4 33.
Rc3 a5 34. Ke3 e5 35. f4 Ke6 36. Bb1 Nxa4 37. Ra3 Rxc4 38. Ba2 exf4+ 39. gxf4
Nb6 40. Kd3 Kd6 41. Bxc4 Nxc4 42. Kxc4 b5+ 43. Kd3 a4 44. Ra1 Kc5 45. Rc1+ Kb6
46. Kc3 c5 47. Rd1 a3 48. Kb3 b4 49. Rd7 Kb5 50. Rb7+ Ka6 51. Rxh7 c4+ 52. Ka2
Kb5 53. Rg7 Ka4 54. Rxg6 b3+ 55. Kb1 a2+ 56. Ka1 Kb4 57. h4 1/2-1/2

[Event "Ann Arbor (Mini-Swiss/3/8)"]
[Site "?"]
[Date "1996.??.??"]
[Round "?"]
[White "Scioly, Tony"]
[Black "Ryskamp, John"]
[Result "1-0"]
[WhiteElo "1605"]
[BlackElo "1605"]
[PlyCount "61"]
[EventDate "1996.??.??"]

{3/(8)} 1. e4 e6 2. Nf3 d5 3. exd5 exd5 4. d4 Be6 5. Be2 Nf6 6. O-O Be7 7. Re1
O-O 8. Nbd2 Nbd7 9. c4 c6 10. c5 b6 11. b4 Re8 12. Nf1 Nf8 13. Ne5 Bd7 14. Bd3
Ne6 15. Bf5 g6 16. Bxe6 fxe6 17. Qe2 Bf8 18. Bg5 Bg7 19. Qe3 Qe7 20. Ng3 b5 21.
h4 Qf8 22. Bxf6 Qxf6 23. Nxd7 Qxh4 24. Ne5 Bxe5 25. Qxe5 Re7 26. Re3 Rf8 27.
Rae1 Qf6 28. Qxf6 Rxf6 29. Nf1 Ref7 30. R1e2 g5 31. Rxe6 1-0

[Event "Howell (US Am N/5/33)"]
[Site "?"]
[Date "1996.??.??"]
[Round "?"]
[White "Scioly, Tony"]
[Black "Rosebrook, G."]
[Result "1-0"]
[WhiteElo "1605"]
[BlackElo "1605"]
[PlyCount "47"]
[EventDate "1996.??.??"]

{5/(33)} 1. e4 c5 2. Nf3 e6 3. g3 Nf6 4. d3 Be7 5. Bg2 Nc6 6. O-O b6 7. Nc3 Rb8
8. Nb5 e5 9. a4 Ba6 10. Nh4 Bxb5 11. axb5 Nd4 12. Rxa7 Nxb5 13. Ra4 Nd6 14. f4
Ng8 15. fxe5 Bxh4 16. exd6 Bf6 17. Qf3 Bd4+ 18. Rxd4 Qf6 19. Qxf6 Nxf6 20. Ra4
O-O 21. Bf4 b5 22. Ra7 c4 23. d4 h6 24. Bxh6 1-0